000 00343nam a2200133 i 4500
001 bg
100 1 _aPAPILOV, L. Ja.
245 0 _aElektrofiziczeskaja i elektrochimiczeskaja obrabotka materialov /
_cL.Ja. Papilov.
260 _aMoskva,
_c1982.
040 _cBPK
041 _apol
942 _cKS
008 s pl f |000 0 pol
999 _c22026
_d22026
856 _uhttp://koha.tu.koszalin.pl/cgi-bin/koha/opac-detail.pl?biblionumber=22026
_yKatalog online BPK